000 00894nam a2200241Ia 4500
001 16072
003 GE_BSU
008 181216s||||||||xx |||||||||||||| ||und||
040 _cGE_BSU
080 _a821.353.1-32
100 _aჯაყელი, ჯემალ
245 _aნიმფა
245 _bმოთხრობები
245 _cრედ.ზ.ფირცხალაიშვილი. მხ.ღლონტი
260 _aბათუმი
260 _bსაბჭ. აჭარა
260 _c1981
300 _a168გვ. ; 21სმ.
653 _aმოთხრობები
653 _aნამფა; სანატორიუმი "იდეალი"; უკვდავების მაძიებელი ჭაბუკი; კოჩო და ნია; ჟამთაბერი
653 _aნიმფა
942 _cBK
999 _c49161
_d49161